Masonry Skills (Record no. 928147)

MARC details
000 -LEADER
fixed length control field 00241nam a2200097Ia 4500
008 - FIXED-LENGTH DATA ELEMENTS--GENERAL INFORMATION
fixed length control field 231107s1990 xx 000 0 und d
041 ## - LANGUAGE CODE
Language code of text/sound track or separate title eng
100 ## - MAIN ENTRY--PERSONAL NAME
Personal name Kreh R.T.
245 ## - TITLE STATEMENT
Title Masonry Skills
260 ## - PUBLICATION, DISTRIBUTION, ETC.
Place of publication, distribution, etc. America
Name of publisher, distributor, etc. Delmar Publishers Inc.
Date of publication, distribution, etc. 1990
Holdings
Withdrawn status Lost status Damaged status Not for loan Home library Current library Date acquired Cost, normal purchase price Total Checkouts Barcode Date last seen Price effective from Koha item type
        College of Architecture, Navi Mumbai College of Architecture, Navi Mumbai 08/11/2023 3630.00   ARM-A-6519 08/11/2023 08/11/2023 Book